[Event "Yerevan zt 1.5"]
[Site "Yerevan"]
[Date "2000.06.15"]
[Round "9"]
[White "Vaganian, Rafael A"]
[Black "Gelashvili, Tamaz"]
[Result "0-1"]
[WhiteElo "2618"]
[BlackElo "2514"]
[Annotator "Ribli,Z"]
[PlyCount "110"]
[EventDate "2000.06.07"]
[EventType "swiss"]
[EventRounds "9"]
[EventCountry "ARM"]
[SourceTitle "CBM 078"]
[Source "ChessBase"]
[SourceDate "2000.10.18"]
[SourceVersion "1"]
[SourceVersionDate "2000.10.18"]
[SourceQuality "1"]

1. Nf3 c5 2. c4 Nc6 3. g3 g6 4. Bg2 Bg7 5. O-O e5 {Dieser Zug schwächt das
Feld d5, doch er erlaubt es Schwarz, seinen Springer nach e7 zu plazieren.} 6.
Nc3 Nge7 7. a3 a5 {Jetzt ist der Punkt b5 ebenfalls schwach. Wichtiger aber
ist, dass Schwarz damit den Zug b2-b4 verhindert.} 8. d3 O-O 9. Rb1 d6 10. Bd2
h6 {Schwarz bereitet 11...Be6 vor und verhindert den Zug Ng5.} (10... Rb8 11.
Ne1 (11. Qc1 b6 12. Bh6 f6 13. Ne1 Be6 14. Nc2 d5 $11) (11. Qa4 Bg4 (11... Bd7
$5) 12. Nb5 Qd7 13. Qc2 Rfc8 14. Rfc1 (14. b4 $5) 14... b6 15. e4 Rf8 {[%cal
Rf7f5]}) 11... Be6 12. Nd5 b5 $11) 11. Ne1 Be6 12. Nc2 {[%cal Gc2e3,Ge3d5]
Weiß möchte 13.Ne3 ziehen, um volle Kontrolle über das Feld d5 zu erlangen,
aber es ist schon zu spät - Schwarz erreicht durch den nachfolgenden Zug
Ausgleich.} (12. Nd5 Rb8 (12... Bxd5 13. cxd5 Nd4 14. e3 Nb5 15. a4 Nc7 16. e4
$14 {[%cal Gf2f4]}) 13. Nxe7+ (13. b4 axb4 14. axb4 b5 $11) 13... Nxe7 14. Qa4
b6 (14... b5 15. cxb5 Qd7 16. Bc6 (16. Bxa5 Rxb5 17. Bc3 Bb3 18. Qh4 d5 $36)
16... Nxc6 17. bxc6 Qc8 $44) 15. b4 axb4 16. axb4 f5 17. bxc5 dxc5 $13) 12...
d5 $11 {Nach diesem Zug hat Schwarz eine bequeme Stellung.} 13. cxd5 Nxd5 14.
a4 $146 {Mit dieser Fortsetzung möchte Weiß den Damenflügel blockieren.} (14.
Nxd5 $2 Bxd5 15. b4 (15. Bxd5 Qxd5 16. Ne3 (16. b4 cxb4 17. axb4 a4 18. b5 Nd4
19. Nxd4 exd4 {0-1 De Villers,M-Hautot,S/Antwerp 1998/EXT 2000 (24)}) 16... Qe6
17. Rc1 (17. Re1 Nd4 18. b4 cxb4 19. axb4 a4 {0-1 Sabater-Bellon Lopez,J/Palma
de Mallorca 1992/TD (33)}) 17... e4 18. Bc3 Nd4 19. Bxd4 Bxd4 20. Nc2 Bxb2 21.
Rb1 Qf6 22. d4 Bxd4 23. Nxd4 cxd4 24. Rxb7 Rfd8 {0-1 Pavlovic,D-Maksimovic,B/
Nis 1995/EXT 2000 (43)}) 15... Bxg2 16. Kxg2 cxb4 17. axb4 a4 18. b5 Nd4 19.
Nxd4 Qxd4 20. Rb4 Qd5+ 21. f3 a3 {0-1 Ilijic,M-Minev,N/Novi Sad 1972/EXT 99 
(29)}) (14. Ne3 $5 Nde7 15. Na4 (15. Nc4 $5) 15... b6 16. b4 cxb4 (16... axb4
17. axb4 cxb4 18. Bxb4 Rb8 19. Bxe7 Nxe7 20. Rb4 Qd6 21. Qb1 {1-0
Mastrovasilis,A-Petraki,M/Chania 1999/EXT 2000 (44)}) 17. axb4 Rb8 (17... Ra7
18. bxa5 bxa5 19. Nc5 Bc8 {1/2-1/2 Hansen,C-Nielsen,U/Aarhus 1990/EXT 2000 (19)
}) 18. bxa5 bxa5 19. Nc5 Rxb1 (19... Qd6 20. Nxe6 Rxb1 21. Qxb1 Qxe6 22. Nc4
Rb8 23. Qd1 {1/2-1/2 Okcular,A-Backlund,A/Guarapuava 1995/Juniors (55)}) 20.
Qxb1 Bc8 21. Nc4 Bg4 22. e3 Qc7 23. Rc1 Qa7 24. Nd6 {1/2-1/2 Korotylev,
A-Petrakov,A/St Petersburg 1994/CBM 43 ext (31)}) 14... b6 15. Na3 (15. Nxd5
Bxd5 16. Ne3 Bxg2 17. Kxg2 f5 $15) (15. Ne3 Nde7 16. Nc4 f5 {Das ist lediglich
eine Zugumstellung zur Partiefortsetzung.}) 15... Nde7 16. Nc4 f5 $15 {Der
weiße Springer auf c4 ist zwar stark, aber Schwarz hat nun freie Hand am
Königsflügel.} 17. b3 Rb8 18. Nb5 {Die weise Springer stehen schoen auf c4 und
b5, aber Weiss kann nicht weitergehen.} f4 $1 {[%mdl 128]} 19. Bc3 Qd7 20. e3
$6 {Dieser Zug schwächt die weiße Stellung, doch Vaganian möchte nicht nur
passiv spielen und auf Nd4 nebst f4-f3 warten.} Bg4 $1 21. f3 (21. Qd2 f3 22.
Bh1 $17 {[%csl Rh1]}) 21... Be6 22. gxf4 (22. exf4 exf4 23. Bxg7 Kxg7 24. Re1
Nf5 {[%csl Yd4]} 25. Bh3 fxg3 26. hxg3 Bxc4 27. bxc4 (27. dxc4 Qxd1 28. Rbxd1
Nfd4 $17) 27... Rbd8 $17) 22... exf4 23. Bxg7 Kxg7 24. e4 {[%csl Yd4] Dieser
Zug schwacht das Feld d4, aber es gibt hier auch nichts besseres.} Nd4 {
[%mdl 32]} 25. Ne5 (25. Ncd6 Nxb5 26. Nxb5 Rbd8 $17 {[%csl Rd3][%cal Rd8d3]})
25... Qd8 26. Rf2 Nxb5 27. axb5 Qd4 {[%csl Gd4]} 28. Nc4 Rfd8 29. Qc1 g5 30.
Bf1 Ng6 $17 {Schwarz hat großen positionellen Vorteil. Der weiße Bf1 steht
sehr passiv und hat kaum Perpsektiven für die Zukunft, der Punkt d4 ist ein
positionelles Loch. So kann Weiß eigentlich nichts machen, sondern nur
abwarten.} 31. Qb2 {Weiß tauscht die Damen und gelangt in ein schlechtes
Endspiel - doch guter Rat war hier schon teuer.} Qxb2 32. Rfxb2 Bxc4 33. dxc4
Ne5 {[%csl Ge5,Rf1][%cal Gd8d1] Der Ne5 steht ganz ausgezeichnet. Anschließend
kann Schwarz - nach etwas Vorbereitung - h5 und g4 spielen.} 34. Be2 Kf6 35. h3
Rd4 {[%csl Gd4]} 36. Rd1 Rbd8 (36... Rxd1+ 37. Bxd1 Rd8 $17) 37. Rxd4 Rxd4 {
Dieser natürliche Zug ist gut und konsequent, aber auch das Zurückschlagen mit
dem Bauern war interessant.} (37... cxd4 38. Kf2 d3 39. Bd1 Ke7 {[%cal Ge7d6,
Gd6c5]} 40. Ke1 Kd6 41. Kd2 Kc5 42. Kc3 Rd4 $17) 38. Kf1 Kg6 $1 {[%cal Gg6h5,
Gh5h4] Der schwarze König hat gute Eindringungschancen am Königsflügel.} 39.
Ra2 Kh5 40. Kg2 Kh4 41. Rb2 h5 42. Ra2 g4 {Dieser Durchbruch entscheiedet die
Partie.} 43. hxg4 hxg4 44. fxg4 (44. Rb2 gxf3+ 45. Bxf3 Rd3 $19) 44... Rxe4 45.
Kf2 Nxg4+ $19 46. Kf3 (46. Bxg4 Kxg4 47. Rd2 f3 48. Rd6 Re2+ 49. Kf1 Rb2 50.
Rxb6 Rxb3 51. Rg6+ (51. Ra6 a4 52. Rxa4 Kg3 $19) 51... Kf4 52. Rf6+ Ke3 53.
Re6+ Kd4 $19) 46... Rd4 47. Ra1 Ne5+ 48. Kf2 Rd2 49. Rh1+ Kg5 50. Rh5+ (50.
Rg1+ Kf5 $19) 50... Kf6 51. Rh6+ Kf5 52. Ke1 Rb2 53. Rxb6 {Weiß hat
materielles Gleichgewicht erreicht, aber das schwarze Figurenspiel ist so
stark, dass er die Partie leicht gewinnt.} f3 54. Bf1 Kf4 55. Rd6 Ke3 0-1

[Event "RUS-chT 05th"]
[Site "Maikop"]
[Date "1998.06.12"]
[Round "10"]
[White "Dokutchaev, Aleksander"]
[Black "Balashov, Yuri S"]
[Result "0-1"]
[WhiteElo "2425"]
[BlackElo "2555"]
[Annotator "Ribli,Z"]
[PlyCount "60"]
[EventDate "1998.06.03"]
[EventType "team-tourn"]
[EventRounds "11"]
[EventCountry "RUS"]
[SourceTitle "CBM 066"]
[Source "ChessBase"]
[SourceDate "1998.09.30"]
[SourceVersion "1"]
[SourceVersionDate "1998.09.30"]
[SourceQuality "1"]
[WhiteTeam "Cherepovets Severstal"]
[BlackTeam "Tomsk 400"]
[WhiteTeamCountry "RUS"]
[BlackTeamCountry "RUS"]

1. Nf3 c5 2. c4 Nc6 3. Nc3 g6 4. g3 {Dieser Zug ist nicht schlecht, aber die
Alternative 4.e3 Bg7 5.d4 ist vielversprechender. Ribli.} Bg7 5. Bg2 d6 6. O-O
Nh6 {[%csl Yd4][%cal Gh6f5,Gf5d4]} 7. b3 (7. a3 Nf5 8. Rb1 O-O 9. d3 Rb8 10.
Bd2 b6 11. b4 Bb7 12. Ne4 (12. e3 Qd7 13. Qe2 e6 14. Rfc1 Rfd8 15. Ne1 h5 16.
Nf3 Nce7 {0-1 Roca,A-Panno,O/Mar del Plata op 1994 (34)}) 12... Ncd4 13. Nxd4
Nxd4 14. e3 Nc6 15. Qc2 Qd7 16. Bc3 Ne5 17. Rfd1 {1/2-1/2 Arsovic,G-Popchev,M/
Serbian Chess Fed, Sabac YUG 1998 (25)}) (7. d4 $5 {[%cal Gc1h6]} cxd4 (7...
Nf5 8. d5 Ncd4 9. Ne1 {[%csl Rd4,Rf5] Die scheinbar aktiven Springer geraten
in schwere Not.}) 8. Bxh6 (8. Nxd4 $2 Nxd4 9. Bxh6 Nxe2+ 10. Qxe2 Bxh6 $17)
8... Bxh6 9. Nxd4 Nxd4 (9... Bd7 10. e3 $14) 10. Qxd4 O-O $14 {Schwarz hat das
Läuferpaar und keine besondere Schwächen, aber Weiß hat Raumvorteil und starke
Kontrolle über das Feld d5.}) 7... O-O (7... Nf5 8. Bb2 h5 9. Rb1 h4 10. e4
Nfd4 11. Nxh4 g5 12. Nf5 Nxf5 13. exf5 Bxf5 14. Ne4 Bxb2 15. Rxb2 Qd7 16. Re1
Bxe4 17. Rxe4 f5 {0-1 Kurajica,M-Paunovic,D/Mondariz op 1994 (32)}) 8. Bb2 Bf5
$5 $146 (8... Nf5 9. e3 Rb8 10. d3 a6 11. Qd2 e6 12. Ne4 e5 13. a3 Nfe7 14.
Rab1 h6 15. Nc3 f5 16. Ne1 {1/2-1/2 Khasin,A-Tregubov,P/RUS-ch 1994 (46)}) (
8... Rb8 9. e3 a6 10. d3 b5 11. Qe2 e6 12. Rfd1 Qe7 13. Rac1 Bd7 14. Ne4 Bxb2
15. Qxb2 f5 16. Ned2 Qg7 17. Qxg7+ Kxg7 18. Nb1 Nf7 19. Nc3 Rfc8 {Tempone,
M-Minzer,C/Salta Clarin op 1995/1/2-1/2 (48)}) 9. d3 Qd7 $11 10. Re1 {Das ist
eine typische Methode, den Läufertausch zu vermeiden.} (10. Qd2 Bh3 11. Nd5 $11
) 10... Bh3 11. Bh1 Bg4 {Diese fast symmetrische Stellung bietet dem Schwarzen
gleiche Chancen.} 12. Qd2 (12. Qc1 Nf5 13. Nd2 $11) (12. Bg2 Bh3 $11 (12... Nf5
13. h3 Bxf3 14. Bxf3 $14 {[%csl Gf3][%cal Gf3a8] Weiß ist dank seines
Läuferpaares leicht in Vorteil. Besonders der Läufer f3 wirkt stark.})) 12...
Nf5 {[%csl Yd4] Der schwarze Springer strebt nach d4. Es sei angemerkt, daß
der weiße Springer f3 keinen so guten Platz findet und aus diesem Grund der
Läufer g2 eingeschlossen bleibt.} 13. e3 e5 $5 {Schwarz schwächt freiwillig
das Feld d5, erlangt aber mit folgendem 14...Ne7 und der Idee ...f7-f5 aktives
Spiel.} 14. Nd5 {[%csl Gd5]} Nfe7 15. Rab1 $6 {Weiß möchte den Zug b3-b4
vorbereiten, aber Schwarz bekommt so überlegenes Spiel.} (15. Nxe7+ Qxe7 16.
Bg2 Qd7 $11 (16... f5 17. h3 Bxf3 18. Bxf3 $14 {[%csl Rd5,Gf3]})) (15. a3)
15... Nxd5 16. cxd5 Nb4 {[%cal Rb4a2,Rb4d5] Das ist der Nachteil von 15.Rab1.}
17. d4 {Weiß versucht im Trüben zu fischen. Sonst verliert er einen Bauern.}
Bxf3 $1 {Schwarz gibt das Läuferpaar auf und erlangt so aktives Spiel.} (17...
e4 18. dxc5 $5 (18. Ng5 Nd3 {[%csl Gd3]} 19. Nxe4 Nxe1 20. Rxe1 $15) 18... dxc5
19. Bxg7 Kxg7 20. Ne5 Qf5 21. Nxg4 Qxg4 22. Qc3+ $14) (17... exd4 18. exd4 Nxa2
19. dxc5 $16 {[%csl Ra2][%cal Gd2a2]}) (17... Qf5 18. dxc5 dxc5 19. e4 $13) 18.
Bxf3 Qf5 {[%csl Gb4,Yd3,Gf5][%cal Rf5f3]} 19. Bg2 (19. Kg2 $2 e4 {[%csl Rd5]
[%cal Re4f3]}) 19... Qd3 {[%csl Gd3] Das Eindringen der schwarzen Dame auf d3
für Weiß unangenehm.} 20. Rbd1 (20. Qxd3 Nxd3 21. Red1 Nxb2 22. Rxb2 exd4 $17 {
[%csl Rg2,Gg7] Schwarz hat einen Bauern mehr und in diesem Fall sind die
ungleichfarbigen Läufer für ihn wegen der starken Kontrolle über die schwarzen
Felder von Vorteil.}) 20... Qxd2 21. Rxd2 exd4 22. exd4 {[%csl Rg2] Die
Zukunft des Läufers auf g2 ist nicht rosig.} cxd4 23. Re7 {[%csl Ge7][%cal
Re7a7] Weiß entfaltet nur etwas Aktivität. Früher oder später zeigt sich die
schwarze Überlegenheit.} (23. Bxd4 Bxd4 24. Rxd4 Nc2 $19 {[%cal Rc2e1,Rc2d4]})
23... Nxa2 24. Ba3 {[%cal Rd2a2]} (24. Rxb7 Rfe8 $17 {[%cal Ge8e1]}) 24... Nc3
25. Bxd6 {Es scheint, Weiß hätte wegen des Läuferpaares und des aktiven Turmes
auf e7 gute Kompensation für den Bauern.} (25. Rxb7 Rfe8 $17 (25... Rfb8 $17) (
25... Nb1 26. Ra2)) 25... Rfe8 $1 $17 26. Rxb7 $2 (26. Rxe8+ $5 Rxe8 {[%csl
Gc3,Gd4,Ge8,Gg7] Das schwarze Figurenspiel ist überzeugend.} 27. Kf1) (26. f4
Rad8 $17) (26. Kf1 $5) 26... Re1+ 27. Bf1 Ne4 $19 {[%cal Re4d2,Re4d6]} 28. Bb4
Nxd2 29. Bxd2 Rd1 {[%csl Gd1,Rd2,Gd4,Rf1,Rg1]} 30. Bf4 d3 {und Weiß gab auf.} (
30... d3 31. Kg2 d2 {Droht 32...Rxf1.} 32. Be2 (32. Bc4 Rg1+ 33. Kxg1 d1=Q+ $19
) 32... Re1 $19) 0-1

[Event "Capablanca Memorial Elite 30th"]
[Site "Matanzas"]
[Date "1995.??.??"]
[Round "13"]
[White "Van Wely, Loek"]
[Black "Rodriguez Cespedes, Amador"]
[Result "0-1"]
[WhiteElo "2575"]
[BlackElo "2520"]
[Annotator "Ribli,Z"]
[PlyCount "134"]
[EventDate "1995.05.??"]
[EventType "tourn"]
[EventRounds "13"]
[EventCountry "CUB"]
[EventCategory "11"]
[SourceTitle "CBM 048"]
[Source "ChessBase"]
[SourceDate "1995.10.01"]
[SourceVersion "1"]
[SourceVersionDate "1995.10.01"]
[SourceQuality "1"]

1. c4 c5 2. Nc3 Nc6 3. Nf3 g6 4. g3 (4. e3 $5) 4... Bg7 5. Bg2 e6 6. a3 Nge7 7.
b4 (7. Rb1 d5 8. b4 cxb4 9. axb4 O-O 10. b5 Na5 11. cxd5 exd5 12. d4 Bf5 13.
Ra1 Rc8 14. Bd2 b6 15. O-O Qd7 $13 {Vaulin,A-Nepomnishay,M/St.Petersburg op/
1995/EXP46/}) 7... cxb4 (7... Nxb4 8. axb4 cxb4 9. Ne4 $5 Bxa1 10. Qa4 Bg7 11.
Nd6+ Kf8 12. Qxb4 Kg8 13. Ng5 Nc6 14. Bxc6 Qxg5 15. Bf3 h5 16. h4 Qd8 17. c5 a5
18. Qa4 $44 {Pavlovic,M-Phominyh,A/Stary Smokovec/1990/CBM21/}) 8. axb4 Nxb4 9.
Ba3 Nbc6 10. e4 O-O 11. d4 {Man denkt, dass Weiss mit seinem Bauernpulk
wahrscheinlich genueg Kompensation fuer den geopferten P hat.} b6 12. O-O Na5
13. Qa4 (13. Qe2 Ba6 14. Nb5 Rc8 {Weiss hat Problem mit dem c4P.} 15. Bb4 Rxc4
16. Bxe7 Qxe7 17. Rxa5 bxa5 18. Qxc4 Qb4 $1 19. Qxb4 axb4 20. Nd6 Bxf1 21. Bxf1
Rb8 $17) 13... d6 14. Nb5 Bd7 15. Qb4 (15. Bxd6 Bxb5 16. Bxe7 Bxa4 17. Bxd8
Rfxd8 18. Rxa4 Bxd4 $17) 15... Nec6 $1 16. Qc3 (16. Qxd6 Nxc4 $19) 16... e5 $1
{Schwarz uebernimmt die Initiative.} 17. d5 (17. Bxd6 Nxd4 (17... exd4 $5) 18.
Nbxd4 exd4 19. Nxd4 Re8 20. e5 Rc8 $15) 17... Nd4 $1 18. Nfxd4 exd4 19. Qb4 (
19. Nxd4 Rc8 $1 $17) 19... Bxb5 $1 20. cxb5 Nb7 21. Bb2 Nc5 22. Rfd1 (22. Bxd4
Bxd4 23. Qxd4 Nb3 $19) 22... d3 $1 23. Bxg7 Kxg7 24. Bf1 Qf6 $1 {Der Riesen
Nc5 und der Mehrbauer auf d3 gibt klaren Vorteil fuer den Nachziehenden.} 25.
Ra3 Qf3 26. Re1 Kg8 27. Re3 (27. Qd4 $2 d2 $1 $19) 27... Qd1 28. Qc3 Rac8 29.
Rxa7 Qc2 $1 30. Rxd3 {Weiss konnte die Materialverlust nicht vermeiden.} (30.
Qd4 d2 31. Be2 Ra8 $1 $19) 30... Nxd3 31. Qxd3 Qxd3 32. Bxd3 Rc3 33. Bf1 f5 $1
34. exf5 Rxf5 35. Bh3 Rf8 {Droht /\ Rc1+,Rc2.} 36. Ra2 Kg7 37. Bd7 Kf6 38. Re2
Rf7 39. Re6+ Kg7 40. Be8 (40. Rxd6 Rc1+ 41. Kg2 Rc2 $19) 40... Rf5 41. Re2 Rxd5
$19 {Der Rest der Partie bedarf keines Kommentars.} 42. Bc6 Rd1+ 43. Kg2 Kf6
44. h4 d5 45. g4 g5 46. hxg5+ Kxg5 47. Bd7 Rc7 48. Re7 h6 49. Re5+ Kf4 50. Rf5+
Kxg4 51. Be6 Kh4 52. Re5 (52. Bxd5 Rc5 $19) 52... Rg7+ 53. Kf3 Rg5 54. Re3 Rgg1
55. Kf4 Rd4+ 56. Kf5 Rg2 57. f4 Rg3 58. Re1 Rf3 59. Rh1+ Kg3 60. Ke5 Rdxf4 61.
Bxd5 Re3+ 62. Kd6 Rf6+ 63. Kd7 Rd3 64. Ke7 Rf2 65. Bc6 Rh2 66. Ra1 Re2+ 67. Kf7
Rd8 {Im Mittelspiel hat Schwarz mit mehreren kraftvollen Zuegen das weisse
Spiel- konzept wiederlegt.} 0-1

[Event "EU-ch 5th"]
[Site "Antalya"]
[Date "2004.05.24"]
[Round "9"]
[White "Minasian, Artashes"]
[Black "Iljushin, Alexei"]
[Result "0-1"]
[WhiteElo "2585"]
[BlackElo "2529"]
[Annotator "Ribli,Z"]
[PlyCount "104"]
[EventDate "2004.05.15"]
[EventType "swiss"]
[EventRounds "13"]
[EventCountry "TUR"]
[SourceTitle "CBM 101"]
[Source "ChessBase"]
[SourceDate "2004.07.27"]
[SourceVersion "1"]
[SourceVersionDate "2004.07.27"]
[SourceQuality "1"]

1. Nf3 c5 2. g3 Nc6 3. Bg2 e5 4. O-O g6 5. c4 Bg7 6. d3 Nge7 7. Nc3 d6 8. a3
O-O 9. Rb1 a5 {Diese Spielweise ist sehr populär in letzter Zeit. Schwarz
beschäftigt sich nicht mit den Schwächen am Damenflügel, er hat eine feste
Stellung.} 10. Bg5 f6 11. Bd2 Rb8 12. Ne1 Be6 13. Nc2 d5 {Wenn Schwarz in
dieser Variante den Zug d5 durchführen kann, bekommt er gleiches Spiel.} 14.
cxd5 Nxd5 15. Ne3 {Dieser Springerzug scheint mir ziemlich genügsam, mehr
Hoffnungen kann sich Weiß entweder mit 15.b4!? oder mit 15.Sxd5!? machen.} (15.
b4 $5 axb4 16. axb4 (16. Nxd5 Bxd5 17. axb4) 16... Ndxb4 17. Nxb4 cxb4 18. Ne4
f5 19. Ng5 Bd5 20. Bxd5+ Qxd5 21. Bxb4 Rfd8 22. Bc3 h6 23. e4 fxe4 24. Nxe4
Qxd3 25. Qg4 Kh7 {0-1 Nyback,T-Popovic,D/Belgrade 2002/CBM 88 ext (69)}) (15.
Nxd5 $5 Bxd5 16. Bxd5+ Qxd5 17. b4 axb4 (17... cxb4 18. axb4 b6 19. Ne3 Qe6 20.
bxa5 bxa5 21. Rxb8 Rxb8 22. Nc4 Ra8 23. Be3 f5 24. Qa4 {1/2-1/2 Vasiliev,
I-Yemelin,V/Paide 1999/EXT 2000 (31)}) 18. axb4 cxb4 19. Nxb4 Nxb4 20. Rxb4 b5
21. Qb3 Qxb3 22. Rxb3 Rf7 (22... Rfc8 23. Rb2 Bf8 24. Rfb1 Rb7 25. Kf1 Rcb8 26.
Bb4 Bxb4 27. Rxb4 Rb6 28. Rc1 {1-0 Speelman,J-De Firmian,N/New York 1995/CBM
47 ext (66)}) 23. Rfb1 Rfb7 24. Bb4 Bf8 $14 25. f4 (25. Rc1 $5) 25... Bxb4 26.
Rxb4 exf4 27. gxf4 f5 28. Kf2 Kf7 29. e4 fxe4 30. dxe4 Ke6 {1/2-1/2 Barrero
Garcia,C-Cheparinov,I/Seville 2003/CBM 92 ext (42)}) 15... Nde7 {[%csl Yd4]
[%cal Gc6d4] Schwarz tauscht nicht seinen Springer, denn er folgt der üblichen
Strategie - wenn wir Raumvorteil haben, ist es notwendig die Figuren auf dem
Brett zu halten. Das d5-Feld ist immer eine potenzielle Schwächung in der
schwarzen Stellung, aber er kontrolliert sehr stark den d4-Punkt.} (15... Nxe3
16. Bxe3 Nd4 17. Bxd4 (17. b4 cxb4 18. axb4 b5 19. bxa5 b4 20. Ne4 Qxa5 21. Nd2
Rfc8 {0-1 Zifroni,D-Polgar,J/Fond du Lac 1990/EXT 2004 (40)}) 17... Qxd4 18.
Qa4 Qxa4 19. Nxa4 b6 20. Nc3 Rfd8 21. Bc6 Rbc8 22. Bb5 c4 23. Bxc4 Bxc4 24.
dxc4 Rxc4 25. Rfd1 {1/2-1/2 Dizdarevic,E-Womacka,M/Cattolica 1993/TD (67)}) 16.
Ne4 b6 17. b4 {Das ist der übliche Plan für Weiß, er möchte die b-Linie öffnen.
} axb4 18. axb4 cxb4 19. Bxb4 Nxb4 20. Rxb4 {Ein typisches Bild in dieser
Variante - Weiß hat die bessere Bauernstruktur, weil der b6P eher schwach als
stark ist. Andererseits hat Schwarz das Läuferpaar und er kann seine
Bauernmasse am Königsflügel mit späterem f6-f5 mobilisieren.} h6 21. Qb1 (21.
Nd2 f5 22. Rb1 b5 $15) 21... f5 22. Nd2 e4 {[%cal Gg7a1] Interessanterweise
ist diese Stellung schon gespielt worden. Mit dem letzten Zug öeffnete Schwarz
die Diagonale des g7-Läufers.} 23. Rd1 (23. Ndc4 exd3 24. Rd1 b5 25. Rxd3 Qc7
26. Rxb5 f4 27. gxf4 Qxf4 28. Bf3 Rxb5 29. Qxb5 Rb8 30. Qc5 Rb1+ 31. Rd1 Rxd1+
32. Nxd1 Nf5 33. Nce3 Nd4 34. Kg2 Be5 35. Qe7 Bh3+ 36. Kxh3 Qxh2+ 37. Kg4 Qh5#
{0-1 Stark,L-Bocharov,D/playchess.com 2003/EXT 2004 (37)}) 23... Nc6 $15 {
[%csl Rb4,Ge6,Gg7][%mdl 2048] Schwarz hat ausgezeichnete Figurenspiel, weil
der b4R unglücklich steht.} 24. Ra4 (24. Rb5 $2 Nd4 $19) 24... Nd4 (24... b5
$17) 25. Re1 (25. Kf1) 25... Qd7 26. Rb4 (26. Ra6 Nb5 $17 {[%csl Yc3]}) 26...
Ra8 {[%cal Ga8a1]} 27. dxe4 f4 $1 (27... Ra1 28. Qxa1 Nxe2+ 29. Rxe2 Bxa1 30.
exf5 $15) 28. Nd5 (28. gxf4 Ra1 29. Qxa1 Nxe2+ 30. Rxe2 Bxa1 $17) 28... fxg3
29. hxg3 {[#]} Nxe2+ $1 {[%mdl 64] Mit dieser kleiner Kombination gewinnt
Schwarz Material.} (29... Ra1 30. Qxa1 Nxe2+ 31. Rxe2 Bxa1 {Das wäre nur
Zugumstellung zur Partiefortsetzung.}) 30. Rxe2 Ra1 {[%cal Ra1g1]} 31. Qxa1
Bxa1 $17 32. Nf1 (32. Nxb6 Qd3 33. Bf1 Bc3 $19) (32. Rxb6 Bd4 (32... Bg4 33.
Rxg6+ Kh7 34. Rxg4 Qxg4 $17) 33. Rb4 Bc5 34. Rc4 Qb5 $17) 32... b5 {Schwarz
hat großen Materialvorteil, Weiß hat nur Turm und Leichtfigur gegen der Dame.}
33. Rd2 Bxd5 $1 {Schwarz muss den starken Springer tauschen.} 34. Rxd5 (34.
exd5 Bc3 $19) 34... Qa7 35. Ne3 Bc3 36. Rbxb5 Be1 {[%csl Rf2]} 37. Kh2 (37. Rb2
Bxf2+ 38. Rxf2 Qxe3 $19) 37... Bxf2 {Schwarz hat den f2-Bauern bekommen, was
bedeutet, dass die weiße Königsstellung geschwächt ist.} 38. Nf1 g5 39. Kh1 Bd4
40. Rb1 Qg7 {Schwarz hat einige technische Schwierigkeiten, da das Material
reduziert ist.} 41. Rd1 Be5 42. R1d3 (42. Ne3 $142 {[%cal Ge3f5]}) 42... h5 43.
Rd7 Rf7 44. Bh3 Rxd7 (44... g4 $1 45. Rd8+ Kh7 46. Bg2 Qf6 $17) 45. Bxd7 (45.
Rxd7 Qf6 46. Bf5 Qa6 $19) 45... Qf6 46. Kg2 Qa6 $19 {[%csl Ga6,Rg2][%cal Ga6f1]
} 47. Rd2 Qc4 48. Bh3 $4 (48. Bf5 Qc3 49. Be6+ Kg7 50. Bf5 Kh6 $19) 48... Qxe4+
(48... g4 $19) 49. Kh2 h4 50. Be6+ Kg7 51. Bd5 hxg3+ 52. Kh3 g2 (52... g4+ 53.
Kh4 Qf4 $19) 0-1

[Event "Blackpool zt"]
[Site "Blackpool"]
[Date "1990.??.??"]
[Round "?"]
[White "McNab, Colin Anderson"]
[Black "Chandler, Murray G"]
[Result "0-1"]
[WhiteElo "2390"]
[BlackElo "2585"]
[Annotator "Ribli,Z"]
[PlyCount "102"]
[EventDate "1990.05.??"]
[EventType "tourn"]
[EventRounds "11"]
[EventCountry "ENG"]
[EventCategory "8"]
[SourceTitle "CBM 018"]
[Source "ChessBase"]
[SourceDate "1990.10.01"]
[SourceVersion "1"]
[SourceVersionDate "1990.10.01"]
[SourceQuality "1"]

1. Nf3 c5 2. c4 Nc6 3. g3 g6 4. Nc3 Bg7 5. Bg2 e6 6. d4 $5 Nxd4 7. Nxd4 cxd4 8.
Ne4 d6 {8...Ne7 9.Nd6+, Kf8 10.Nxb7 +/= Gurevich,D-Dlugy,M New York op 1989
CBM/12} 9. Qa4+ Ke7 10. c5 {10.Bd2!? /\ Bb4} d5 11. Nd6 Kf8 $1 12. O-O Ne7 13.
e4 dxe3 14. Bxe3 h6 15. Rad1 Kg8 16. b4 Nf5 17. Nxf5 gxf5 18. Qb3 a6 19. Rfe1
Kh7 20. Qd3 {20.a4!?} Rg8 21. Kh1 Bd7 22. Bf4 Bb5 23. Qf3 a5 24. a3 axb4 25.
axb4 Ra2 26. Bd6 Qd7 27. Kg1 Rga8 28. Be5 R8a3 29. Qf4 Bxe5 30. Qxe5 Ra8 $1 31.
Bh3 Rg8 32. Rd4 Rg6 33. Rf4 Bd3 34. Qc3 Be4 35. f3 Bc2 36. Re2 Qa4 37. Kf2 Bb3
38. Qe5 Rxe2+ 39. Qxe2 Bc4 40. Qb2 Qd1 41. Bg2 Rg8 $1 42. Rd4 Qa4 43. Rd2 Kg6
44. Qb1 Kg7 45. Qb2+ f6 46. Qd4 Ra8 47. Rb2 Qa1 48. Qd2 Ra3 49. Rc2 Rd3 50. Qf4
e5 51. Qxf5 Qd4+ 0-1